Folia venatoria
| Previous Title: | Poľovnícky zborník |
|---|---|
| Other Authors: | , , |
| Format: | Serial |
| Language: | Slovak Czech |
| PhysicalDescription: | 28 zv. fotogr., mp., tab. 24-25 cm |
| Published: |
Bratislava
Obzor
1977-2011
Bratislava Lesmedium Zvolen Národné lesnícke centrum Zvolen Praha Bratislava Banská Bystrica Nitra Bratislava Nitra Strnady Košice Brno Národné lesnícke centrum Českomoravská myslivecká jednota Ministerstvo pôdohospodárstva SR Lesy SR Slovenská poľnohospodárska univerzita Slovenský poľovnícky zväz Centrum výskumu živočíšnej výroby Výzkumný ústav lesního hospodářství a myslivosti Univerzita veterinárskeho lekárstva a farmácie Středoevropsky institut ekologie zvěře Bratislava Príroda Zvolen Lesnícky výskumný ústav Bratislava PaRPRESS Bratislava Slovak Academic Press Újezd u Brna Ivan Straka Zvolen |
| ISBN: | 8007000917 (brož. : 19/1989) 8007002928 (brož. : 20/1990) 8007004769 (brož. : 21/1991) 8090116701 (brož. : 22/1992) 8096711229 (brož. : 24/1994) 8088789087 (brož. : 25/1995) 8088908094 (brož. : 26-27/1997) 8088853230 (brož. : 28-29/1999) 808885346X (brož. : 30-31/2001) 8088853575 (brož. : 32/2002) 8088853621 (brož. : 33/2003) 8088853796 (brož. : 34/2004) 8080930007 (brož. : 35/2005) 9788080930301 (brož. : 36-37/2007) 9788080930752 (brož. : 38-39/2009) 9788080931513 (brož. : 40-41/2011) |
| Series: | Poľovníctvo
|
| Subjects: |
MARC
| LEADER | 00000cas a2200000 a 4500 | ||
|---|---|---|---|
| 001 | vtls001474420 | ||
| 003 | SK-MaSNL | ||
| 005 | 20260228155828.0 | ||
| 008 | 230217d19772011xo gr 0 0b0slo | ||
| 015 | |a SNBA1978 (7/1977) |a SNBA1979 (8/1978) |a SNBA1980 (9/1979) |a SNBA1981/10 (10-11/1981) |a SNBA1983/02 (12/1982) |a SNBA1983/08 (13/1983) |a SNBA1985/03 (14/1984) |a SNBA1986/06 (15/1985) |a SNBA1987/06 (16/1986) |a SNBA1988/02 (17/1987) |a SNBA1989/03 (18/1988) a SNBA1990/02 (19/1989) |a SNBA1991/02 (20/1990) |a SNBA1992/03 (21/1991) |a SNBA1993/08 (22/1992) |a SNBB2005/04-00993 (č. 32/2002) |a SNBB2005/04-00994 (č. 33/2003) |a SNBB2005/04-00995 (č. 34/2004) |a SNBB2008/01-00087 (č. 35/2005) |a SNBB2008/03-01090 (č. 36-37/2007) |a SNBB2011/04-02958 (č. 38-39/2009) |a SNBB2012/03-00593 (č. 40-41/2011) | ||
| 020 | |a 8007000917 (brož. : 19/1989) | ||
| 020 | |a 8007002928 (brož. : 20/1990) | ||
| 020 | |a 8007004769 (brož. : 21/1991) | ||
| 020 | |a 8090116701 (brož. : 22/1992) | ||
| 020 | |a 8096711229 (brož. : 24/1994) | ||
| 020 | |a 8088789087 (brož. : 25/1995) | ||
| 020 | |a 8088908094 (brož. : 26-27/1997) | ||
| 020 | |a 8088853230 (brož. : 28-29/1999) | ||
| 020 | |a 808885346X (brož. : 30-31/2001) | ||
| 020 | |a 8088853575 (brož. : 32/2002) | ||
| 020 | |a 8088853621 (brož. : 33/2003) | ||
| 020 | |a 8088853796 (brož. : 34/2004) | ||
| 020 | |a 8080930007 (brož. : 35/2005) | ||
| 020 | |a 9788080930301 (brož. : 36-37/2007) | ||
| 020 | |a 9788080930752 (brož. : 38-39/2009) | ||
| 020 | |a 9788080931513 (brož. : 40-41/2011) | ||
| 035 | |a SNK000429721 | ||
| 040 | |a SNK |b slo |c SNK |d SVKBB |d SAVUK |e AACR2 | ||
| 041 | 0 | |a slo |a cze |b eng |b rus |b ger | |
| 044 | |a xo |c SK | ||
| 072 | 7 | |a 639.1 |x Poľovníctvo |2 konspekt | |
| 080 | |a (082) |2 2011 | ||
| 080 | |a 639.1 |2 2011 | ||
| 245 | 0 | 0 | |a Folia venatoria |
| 246 | 1 | 1 | |a Poľovnícky zborník |
| 246 | 1 | 1 | |a Myslivecký sborník |
| 260 | |a Bratislava |b Obzor |c 1977-2011 | ||
| 260 | 2 | |3 2004-2005 |a Bratislava |b Lesmedium | |
| 260 | 2 | |3 2007-2009 |a Zvolen |b Národné lesnícke centrum | |
| 260 | 3 | |3 2011 |a Zvolen |a Praha |a Bratislava |a Banská Bystrica |a Nitra |a Bratislava |a Nitra |a Strnady |a Košice |a Brno |b Národné lesnícke centrum |b Českomoravská myslivecká jednota |b Ministerstvo pôdohospodárstva SR |b Lesy SR |b Slovenská poľnohospodárska univerzita |b Slovenský poľovnícky zväz |b Centrum výskumu živočíšnej výroby |b Výzkumný ústav lesního hospodářství a myslivosti |b Univerzita veterinárskeho lekárstva a farmácie |b Středoevropsky institut ekologie zvěře | |
| 260 | 2 | |3 1981-1991 |a Bratislava |b Príroda | |
| 260 | 2 | |3 1992 |a Zvolen |b Lesnícky výskumný ústav | |
| 260 | 2 | |3 1994-1995 |a Bratislava |b PaRPRESS | |
| 260 | 2 | |3 1997 |a Bratislava |b Slovak Academic Press | |
| 260 | 2 | |3 1999 |a Újezd u Brna |b Ivan Straka | |
| 260 | 2 | |3 2001-2003 |a Zvolen |b Lesnícky výskumný ústav | |
| 300 | |a 28 zv. |b fotogr., mp., tab. |c 24-25 cm | ||
| 310 | |a 1x za 2 roky |b 2005-2011 | ||
| 321 | |a 1x ročne | ||
| 362 | 0 | |a 7 (1977)-40/41 (2011) | |
| 490 | 1 | |a Poľovníctvo | |
| 500 | |a Od 33 (2003) bez súbežného slovenského a českého názvu | ||
| 500 | |a Vedecký red. a zost.: 1977-2009, Pavel Hell ; 2011, Jozef Paulenka, Peter Kaštier | ||
| 500 | |a Od roč. 36/37 (2007) výška formátu 25 cm | ||
| 504 | |a Bibliogr. odkazy | ||
| 546 | |a Čiast. text čes. ; res. angl., rus., nem. | ||
| 550 | |a V r. 1977-1980 vydáva Federálny výbor poľovníckych zväzov v ČSSR a Výskumný ústav lesného hospodárstva vo Zvolene vo Vydavateľstve Obzor v Bratislave | ||
| 550 | |a V r. 2004-2005 vydal Lesnícky výskumný ústav Zvolen vo vydavateľstve Lesmedium, k.s., Bratislava | ||
| 650 | 0 | 7 | |a poľovníctvo |2 SNKPH |9 2774 |
| 650 | 0 | 7 | |a Hunting |2 SNKPHeng |9 265411 |
| 655 | 7 | |a zborníky |2 SNKPH |9 70165 | |
| 655 | 7 | |a Papers of several authors |2 SNKPHeng |9 153738 | |
| 700 | 1 | |a Hell, Pavel, |d 1930-2009 |4 com |9 125123 | |
| 700 | 1 | |a Paulenka, Jozef |4 com |9 265412 | |
| 700 | 1 | |a Kaštier, Peter |4 com |9 265413 | |
| 710 | 2 | |a Výskumný ústav lesného hospodárstva (Zvolen, Slovensko) |4 pbl |9 33954 | |
| 710 | 2 | |a Slovenský poľovnícky zväz. |b Ústredný výbor |4 pbl |9 104926 | |
| 710 | 2 | |a Federálny výbor poľovníckych zväzov v ČSSR |4 pbl |9 265414 | |
| 710 | 2 | |a Lesnícky výskumný ústav (Zvolen, Slovensko) |4 pbl |9 32263 | |
| 780 | 0 | 0 | |t Poľovnícky zborník |w vtls008339143 |
| 830 | 0 | |a Poľovníctvo |9 265415 | |
| 852 | |a Štátna vedecká knižnica v Banskej Bystrici | ||
| 910 | |a snk | ||
| 910 | |a savuk | ||
| 916 | |a 1977-2011 | ||
| 919 | |a 80-07-00091-7 | ||
| 919 | |a 80-07-00292-8 | ||
| 919 | |a 80-07-00476-9 | ||
| 919 | |a 80-901167-0-1 | ||
| 919 | |a 80-967112-2-9 | ||
| 919 | |a 80-88789-08-7 | ||
| 919 | |a 80-88908-09-4 | ||
| 919 | |a 80-88853-23-0 | ||
| 919 | |a 80-88853-46-X | ||
| 919 | |a 80-88853-57-5 | ||
| 919 | |a 80-88853-62-1 | ||
| 919 | |a 80-88853-79-6 | ||
| 919 | |a 80-8093-000-7 | ||
| 919 | |a 978-80-8093-030-1 | ||
| 919 | |a 978-80-8093-075-2 | ||
| 919 | |a 978-80-8093-151-3 | ||
| 958 | |a NB | ||
| 999 | |c 688 |d 688 | ||
| 952 | |0 0 |1 0 |4 0 |7 1 |a SNK |b SNK |d 2010-03-24 |f 1 |i snkKSP 171/78 |l 0 |o snkČSC 1704/7/1977 |p 17A0652270 |r 2026-02-21 19:31:59 |w 2026-02-21 |y NEVYP | ||
| 952 | |0 0 |1 0 |4 0 |7 1 |a SNK |b SNK |d 2010-03-24 |f 1 |i snkKSP 1819/79 |l 0 |o snkČSC 1704/8/1978 |p 17A0652269 |r 2026-02-21 19:31:59 |w 2026-02-21 |y NEVYP |z Vydané v r. 1979 | ||
| 952 | |0 0 |1 0 |4 0 |7 1 |a SNK |b SNK |d 2001-09-03 |f 1 |i snkKSP 577/90 |l 0 |o snkČSC 1704/19/1989 |p 17A0311605 |r 2004-12-31 00:00:00 |w 2026-02-21 |y NEVYP | ||
| 952 | |0 0 |1 0 |4 0 |7 0 |a SNK |b SNK |d 1997-10-23 |l 0 |o snkČSC 1704/1991 D1 |p 17A0104710 |r 2004-12-31 00:00:00 |w 2026-02-21 |y PREZ | ||
| 952 | |0 0 |1 0 |4 0 |7 1 |a SNK |b SNK |d 2004-05-05 |f 1 |i snkPV 589/2004 |l 0 |o snkČSC 1704/32/2002 |p 17A0416377 |r 2005-01-02 00:00:00 |w 2026-02-21 |y NEVYP | ||
| 952 | |0 0 |1 0 |4 0 |7 0 |a SNK |b SNK |d 2004-05-05 |i snkPV 590/2004 |l 0 |o snkČSC 1704/32/2002 D1 |p 17A0416378 |r 2005-01-02 00:00:00 |w 2026-02-21 |y PREZ | ||
| 952 | |0 0 |1 0 |4 0 |7 1 |a SNK |b SNK |d 2004-07-07 |f 1 |i snkPV 1022/2004 |l 0 |o snkČSC 1704/33/2003 |p 17A0431362 |r 2005-01-02 00:00:00 |w 2026-02-21 |y NEVYP | ||
| 952 | |0 0 |1 0 |4 0 |7 0 |a SNK |b SNK |d 2004-07-07 |i snkPV 1023/2004 |l 0 |o snkČSC 1704/33/2003 D1 |p 17A0431363 |r 2005-01-02 00:00:00 |w 2026-02-21 |y PREZ | ||
| 952 | |0 0 |1 0 |3 neúplné |4 0 |7 0 |a SNK |b SNK |d 2006-03-07 |i snkKSP 762/86 |l 0 |o snkČSC 1704/15/1985 D1 |p 17A0500387 |r 2026-02-21 19:47:20 |w 2026-02-21 |y PREZ | ||
| 952 | |0 0 |1 0 |4 0 |7 0 |a SNK |b SNK |d 2010-12-10 |i snkKSP 6040/83 |l 0 |o snkČSC 1704/13/1983 D1 |p 17A0677809 |r 2026-02-21 19:56:13 |w 2026-02-21 |y PREZ | ||
| 952 | |0 0 |1 0 |4 0 |7 1 |8 0 |a SNK |b SNK |d 2006-11-06 |f 1 |i snk2006/22960 |l 0 |o snkČSC 1704/35/2005 |p 17A0524443 |r 2026-02-21 20:05:16 |w 2026-02-21 |y NEVYP | ||
| 952 | |0 0 |1 0 |4 0 |7 0 |8 0 |a SNK |b SNK |d 2006-11-06 |i snk2006/22961 |l 0 |o snkČSC 1704/35/2005 D1 |p 17A0524444 |r 2026-02-21 20:05:16 |w 2026-02-21 |y PREZ | ||
| 952 | |0 0 |1 0 |4 0 |7 1 |a SNK |b SNK |d 2007-05-09 |f 1 |i snkKSP 11299/87 |l 0 |o snkČSC 1704/17/1987 |p 17A0654064 |r 2026-02-21 20:14:19 |w 2026-02-21 |y NEVYP | ||
| 952 | |0 0 |1 0 |3 rekatalogizácia |4 0 |7 0 |a SNK |b SNK |d 2007-03-20 |i snkKSP 1820/79 |l 0 |o snkČSC 1704/8/1978 D1 |p 17A0542227 |r 2026-02-21 20:15:53 |w 2026-02-21 |y PREZ | ||
| 952 | |0 0 |1 0 |4 0 |7 1 |8 0 |a SNK |b SNK |d 2011-09-19 |f 1 |i snk2011/19291 |l 0 |o snkČSC 1704/38-39/2009 |p 17A0672633 |r 2026-02-21 20:17:12 |w 2026-02-21 |y NEVYP | ||
| 952 | |0 0 |1 0 |4 0 |7 0 |8 0 |a SNK |b SNK |d 2011-09-19 |i snk2011/19292 |l 0 |o snkČSC 1704/38-39/2009 D1 |p 17A0672634 |r 2026-02-21 20:17:12 |w 2026-02-21 |y PREZ | ||
| 952 | |0 0 |1 0 |4 0 |7 1 |a SNK |b SNK |d 2012-03-02 |f 1 |i snkKSP 867/85 |l 0 |o snkČSC 1704/14/1984 |p 17A0816859 |r 2026-02-21 20:17:40 |w 2026-02-21 |y NEVYP | ||
| 952 | |0 0 |1 0 |4 0 |7 1 |a SNK |b SNK |d 2023-02-07 |f 1 |i snkKSP 612/83 |l 0 |o snkČSC 1704/12/1982 |p 17A0816858 |r 2026-02-21 20:17:54 |w 2026-02-21 |y NEVYP | ||
| 952 | |0 0 |1 0 |4 0 |7 1 |8 0 |a SNK |b SNK |d 2008-05-12 |f 1 |i snk2008/10222 |l 0 |o snkČSC 1704/36-37/2007 |p 17A0582903 |r 2026-02-21 20:21:53 |w 2026-02-21 |y NEVYP | ||
| 952 | |0 0 |1 0 |4 0 |7 1 |a SNK |b SNK |d 2009-02-09 |f 1 |i snkKSP 761/86 |l 0 |o snkČSC 1704/15/1985 |p 17A0611513 |r 2026-02-21 20:22:03 |w 2026-02-21 |y NEVYP | ||
| 952 | |0 0 |1 0 |4 0 |7 0 |a SNK |b SNK |d 2001-04-19 |l 0 |o snkČSC 1704/18/1988 D1 |p 17A0297380 |r 2004-12-31 00:00:00 |w 2026-02-21 |y PREZ | ||
| 952 | |0 0 |1 0 |4 0 |7 0 |a SNK |b SNK |d 2012-05-15 |i snkKSP 9722/90 |l 0 |o snkČSC 1704/20/1990 D1 |p 17A0888643 |r 2026-02-21 20:30:06 |w 2026-02-21 |y PREZ | ||
| 952 | |0 0 |1 0 |4 0 |7 1 |8 0 |a SNK |b SNK |d 2012-06-27 |f 1 |i snk2012/12537 |l 0 |o snkČSC 1704/40-41/2011 |p 17A1030488 |r 2026-02-21 20:30:16 |w 2026-02-21 |y NEVYP | ||
| 952 | |0 0 |1 0 |4 0 |7 0 |8 0 |a SNK |b SNK |d 2012-06-27 |i snk2012/12538 |l 0 |o snkČSC 1704/40-41/2011 D1 |p 17A1030489 |r 2026-02-21 20:30:17 |w 2026-02-21 |y PREZ | ||
| 952 | |0 0 |1 0 |4 0 |7 0 |a SNK |b SNK |d 2013-04-29 |i snkKSP 578/90 |l 0 |o snkČSC 1704/19/1989 D1 |p 17A1020579 |r 2026-02-21 20:31:10 |w 2026-02-21 |y PREZ | ||
| 952 | |0 0 |1 0 |4 0 |7 1 |a SNK |b SNK |d 2003-12-10 |f 1 |i snkKSP 7099/80 |l 0 |o snkČSC 1704/9/1979 |p 17A0407903 |r 2004-12-31 00:00:00 |w 2026-02-21 |y NEVYP |z Vydané v r. 1980 | ||
| 952 | |0 0 |1 0 |4 0 |7 0 |a SNK |b SNK |d 2003-12-11 |i snkKSP 7100/80 |l 0 |o snkČSC 1704/9/1979 D1 |p 17A0407516 |r 2004-12-31 00:00:00 |w 2026-02-21 |y PREZ | ||
| 952 | |0 0 |1 0 |4 0 |7 0 |a SNK |b SNK |d 2003-12-11 |i snkKSP 613/83 |l 0 |o snkČSC 1704/12/1982 D1 |p 17A0407747 |r 2004-12-31 00:00:00 |w 2026-02-21 |y PREZ | ||
| 952 | |0 0 |1 0 |4 0 |7 1 |a SNK |b SNK |d 2004-10-18 |f 1 |i snkKSP 879/92 |l 0 |o snkČSC 1704/21/1991 |p 17A0445065 |r 2004-12-31 00:00:00 |w 2026-02-21 |y NEVYP | ||
| 952 | |0 0 |1 0 |4 0 |7 1 |a SNK |b SNK |d 2003-12-10 |f 1 |i snkKSP 6039/83 |l 0 |o snkČSC 1704/13/1983 |p 17A0407983 |r 2004-12-31 00:00:00 |w 2026-02-21 |y NEVYP | ||
| 952 | |0 0 |1 0 |4 0 |7 1 |a SNK |b SNK |d 2007-04-17 |f 1 |i snkKSP 2030/87 |l 0 |o snkČSC 1704/16/1986 |p 17A0542175 |r 2026-02-21 20:38:25 |w 2026-02-21 |y NEVYP | ||
| 952 | |0 0 |1 0 |3 rekatalogizácia |4 0 |7 0 |a SNK |b SNK |d 2007-04-18 |i snkKSP 2031/87 |l 0 |o snkČSC 1704/16/1986 D1 |p 17A0542281 |r 2026-02-21 20:38:29 |w 2026-02-21 |y PREZ | ||
| 952 | |0 0 |1 0 |4 0 |7 0 |a SNK |b SNK |d 2001-04-19 |l 0 |o snkČSC 1704/17/1987 D1 |p 17A0297275 |r 2004-12-31 00:00:00 |w 2026-02-21 |y PREZ | ||
| 952 | |0 0 |1 0 |4 0 |7 1 |a SNK |b SNK |d 2001-01-08 |f 1 |i snkKSP 311/2001 |l 0 |o snkČSC 1704/28-29/1999 |p 17A0264621 |r 2005-01-02 00:00:00 |w 2026-02-21 |y NEVYP | ||
| 952 | |0 0 |1 0 |4 0 |7 0 |a SNK |b SNK |d 2001-01-08 |i snkKSP 312/2001 |l 0 |o snkČSC 1704/28-29/1999 D1 |p 17A0264622 |r 2005-01-02 00:00:00 |w 2026-02-21 |y PREZ | ||
| 952 | |0 0 |1 0 |3 rekatalogizácia |4 0 |7 0 |a SNK |b SNK |d 2007-09-28 |i snkKSP 172/78 |l 0 |o snkČSC 1704/7/1977 D1 |p 17A0560623 |r 2026-02-21 21:11:51 |w 2026-02-21 |y PREZ | ||
| 952 | |0 0 |1 0 |4 0 |7 0 |8 0 |a SNK |b SNK |d 2008-05-12 |i snk2008/10223 |l 0 |o snkČSC 1704/36-37/2007 D1 |p 17A0582904 |r 2026-02-21 21:12:10 |w 2026-02-21 |y PREZ | ||
| 952 | |0 0 |1 0 |4 0 |7 0 |a SNK |b SNK |d 1996-11-20 |i snk4120/961122 |l 0 |o snkC 3140 |r 2005-01-01 00:00:00 |w 2026-02-21 |y NEVYP | ||
| 952 | |0 0 |1 0 |4 0 |7 1 |a SNK |b SNK |d 1996-11-20 |f 1 |i snkKSP 10087/96 |l 0 |o snkČSC 1704/25/1995 |p 17A0039259 |r 2005-01-01 00:00:00 |w 2026-02-21 |y NEVYP | ||
| 952 | |0 0 |1 0 |4 0 |7 0 |a SNK |b SNK |d 1996-11-20 |i snkKSP 10088/96 |l 0 |o snkČSC 1704/25/1995 D1 |p 17A0022349 |r 2005-01-01 00:00:00 |w 2026-02-21 |y PREZ | ||
| 952 | |0 0 |1 0 |4 0 |7 1 |a SNK |b SNK |d 2005-02-16 |f 1 |i snkKSP 740/89 |l 0 |o snkČSC 1704/18/1988 |p 17A0351350 |r 2026-02-21 21:20:22 |w 2026-02-21 |y NEVYP | ||
| 952 | |0 0 |1 0 |4 0 |7 1 |a SNK |b SNK |d 2005-02-16 |f 1 |i snkKSP 8127/81 |l 0 |o snkČSC 1704/10-11/1981 |p 17A0351327 |r 2026-02-21 21:20:22 |w 2026-02-21 |y NEVYP | ||
| 952 | |0 0 |1 0 |4 0 |7 1 |a SNK |b SNK |d 2005-03-08 |f 1 |i snkKSP 6045/93 |l 0 |o snkČSC 1704/22/1992 |p 17A0459823 |r 2026-02-21 21:20:40 |w 2026-02-21 |y NEVYP | ||
| 952 | |0 0 |1 0 |4 0 |7 1 |a SNK |b SNK |d 2005-03-08 |f 1 |i snkKSP 9721/90 |l 0 |o snkČSC 1704/20/1990 |p 17A0459043 |r 2026-02-21 21:20:40 |w 2026-02-21 |y NEVYP | ||
| 952 | |0 0 |1 0 |4 0 |7 1 |8 0 |a SNK |b SNK |d 2005-07-20 |f 1 |i snk2005/12723 |l 0 |o snkČSC 1704/34/2004 |p 17A0477217 |r 2026-02-21 21:21:44 |w 2026-02-21 |y NEVYP | ||
| 952 | |0 0 |1 0 |4 0 |7 0 |8 0 |a SNK |b SNK |d 2005-07-20 |i snk2005/12724 |l 0 |o snkČSC 1704/34/2004 D1 |p 17A0477218 |r 2026-02-21 21:21:45 |w 2026-02-21 |y PREZ | ||
| 952 | |0 0 |1 0 |4 0 |7 0 |a SNK |b SNK |d 2012-06-15 |i snkKSP 8128/81 |l 0 |o snkČSC 1704/10-11/1981 D1 |p 17A0888266 |r 2026-02-21 21:23:26 |w 2026-02-21 |y PREZ | ||
| 952 | |0 0 |1 0 |4 0 |7 0 |a SNK |b SNK |d 1999-03-15 |i snk 460/990329 |l 0 |o snkC 251 |r 2005-01-02 00:00:00 |w 2026-02-21 |y NEVYP | ||
| 952 | |0 0 |1 0 |4 0 |7 1 |a SNK |b SNK |d 1999-03-15 |f 1 |i snkKSP 2689/99 |l 0 |o snkČSC 1704/24/1994 |p 17A0185698 |r 2005-01-02 00:00:00 |w 2026-02-21 |y NEVYP | ||
| 952 | |0 0 |1 0 |4 0 |7 0 |a SNK |b SNK |d 1999-03-15 |i snkKSP 2690/99 |l 0 |o snkČSC 1704/24/1994 D1 |p 17A0185699 |r 2005-01-02 00:00:00 |w 2026-02-21 |y PREZ | ||
| 952 | |0 0 |1 0 |4 0 |7 1 |a SNK |b SNK |d 1999-03-10 |f 1 |i snkKSP 2423/99 |l 0 |o snkČSC 1704/26-27/1997 |p 17A0193957 |r 2005-01-02 00:00:00 |w 2026-02-21 |y NEVYP | ||
| 952 | |0 0 |1 0 |4 0 |7 0 |a SNK |b SNK |d 1999-03-10 |i snkKSP 2424/99 |l 0 |o snkČSC 1704/26-27/1997 D1 |p 17A0183690 |r 2005-01-02 00:00:00 |w 2026-02-21 |y PREZ | ||
| 952 | |0 0 |1 0 |4 0 |7 1 |a SNK |b SNK |d 2003-01-09 |f 1 |i snkKSP 257/2003 |l 0 |o snkČSC 1704/30-31/2001 |p 17A0368790 |r 2005-01-02 00:00:00 |w 2026-02-21 |y NEVYP | ||
| 952 | |0 0 |1 0 |4 0 |7 0 |a SNK |b SNK |d 2003-01-09 |i snkKSP 258/2003 |l 0 |o snkČSC 1704/30-31/2001 D1 |p 17A0368721 |r 2005-01-02 00:00:00 |w 2026-02-21 |y PREZ | ||
| 952 | |0 0 |1 0 |4 0 |7 0 |a SNK |b SNK |d 2004-09-29 |i snkKSP 6046/93 |l 0 |o snkČSC 1704/22/1992 D1 |p 17A0445360 |r 2004-12-31 00:00:00 |w 2026-02-21 |y PREZ | ||


